Foreign Countries Americans Visit Most Quiz Stats

 Plays Quiz Updated Jun 30, 2015

Score 0/20 Timer 05:00
27 Plays Today
Travelers Country % Correct
12,008,000Canada
99.1%
20,851,000Mexico
99%
2,002,000France
98.9%
1,683,000China
98%
1,741,000Germany
96.9%
1,799,000Italy
96.8%
2,640,000United Kingdom
96.7%
812,000Japan
96.6%
1,045,000Spain
95.6%
1,045,000India
87.1%
Travelers Country % Correct
725,000Ireland
81.6%
464,000Peru
75.8%
638,000Netherlands
75.3%
580,000South Korea
73.8%
493,000Switzerland
73.6%
1,799,000Jamaica
73.6%
435,000Austria
67.4%
638,000Israel
56.4%
580,000Philippines
53.9%
435,000Taiwan
52.7%

You're not logged in!

Compare scores with friends on all Sporcle quizzes.
OR
Log In

Sporcle TV

Today on Sporcle TV


Watch our educational content, quiz creation guides, and fun videos on Sporcle TV.

Show Comments

Extras

Top Quizzes Today


Score Distribution

Your Account Isn't Verified!

In order to create a playlist on Sporcle, you need to verify the email address you used during registration. Go to your Sporcle Settings to finish the process.

Report this User

Report this user for behavior that violates our Community Guidelines.

Details: